00366nam a2200109Ia 4500008004100000082002100041100001700062245004200079260005900121630001800180650005800198211109s9999||||xx |||||||||||||| ||und|| a894.81292bKAR-P aKaroor, Sasi 0aP R Syamala Vyaktiyum Sahithyakariyum bP R Shyamala Samaraka SamitiaThiruvananthapuramc1991 xGENERAL STACK aMalayalam literaturevLiterature & rhetoric Malayalam